01339nam a2200313 a 450000100060000000300080000600500170001400800410003103500190007204000320009104100080012304300120013108200350014324502020017826000510038030000310043149000600046250000170052250000200053950400260055965000600058565000490064570000270069471000440072183000680076594200130083399900170084695201620086376141BD-RjUL20211209082811.0191031s1985 ii b f001 0 eng  a(BD-RjUL)76362 aDLCcDLCdDLCdBD-RjULbeng aeng aa-ii---00a590.7230954223bREC 1985(BHO)00aRecords of the Zoological Survey of India: bOutline of distribution with an index catalogue of Indian grasshoppers (Orthoptera : Acridoidea) /cby H. K. Bhowmik ; ed. by Zoological Survey of India aCalcutta :bZoological Survey of India,c1985. a[4], 51, [12] p. ;c24 cm. aMiscellaneous publication: Occasional paper; vno. 78 aCover title. aIncludes index. aReferences: p. 44-45  0aGrasshopperszIndiaxGeographical distribution.9234313 0aZoologyxDescriptive ResearchzIndia9234315 aBhowmik, H. K. 9390012 aZoological Survey of India, ed.9234314 aMiscellaneous publication: Occasional paper; vno. 789234317 2ddccRAR c76141d76141 00102ddc40718RAREaRUCLbRUCLcRared1996-05-15eCentury Book, Rajshahig6.00l0oRA 590.7230954 REC 1985(BHO)r2019-10-31 00:00:00tC-1w2019-10-31yRAR